00564nam a22001937a 45000050016000000100015000160200012000310350013000430370013000560820011000692450058000802600047001382700085001853000035002706500009003056500016003146500022003307000018003522010081802352.0 aENG-100784 c5310.00 aEN-84317 bDBAD/PUB a920.05 aAsain admirable achievers /ccompiled by Ravi Bhushan aNew DelhibRifacimento Internationalc2009 a2nd Floor, 4384/4A, Tulsi Dass Street, Ansari Road, DaryaganjbNew Delhie110002 av.3 (407p.)c22cm (Hb)ephotos zAsia aCelebrities aSuccessful People aBhushan, Ravi